000 00318nam a22001337a 4500
999 _c534275
_d534275
020 _a969-35-1333-9
040 _cMSOHAIL
082 _a891.4393
100 _aMustansar Hussain Tarar
_99703
245 _aQala Jangi / قلعہ جنگی
260 _aLahore
_bSang-e-Meel
_cc2008
300 _a216;p
942 _2ddc
_cBK